Teatro peruano contemporáneo / (Record no. 128978)

MARC details
000 -LEADER
campo de control de longitud fija 01004nam a2200265 i 4500
001 - NÚMERO DE CONTROL
campo de control 128978
003 - IDENTIFICADOR DE NÚMERO DE CONTROL
campo de control ES-MaACL
005 - FECHA Y HORA DE LA ÚLTIMA TRANSACCIÓN
campo de control 20250824035441.0
007 - CAMPO FIJO DE DESCRIPCIÓN FÍSICA--INFORMACIÓN GENERAL
campo de control de longitud fija t|
008 - DATOS DE LONGITUD FIJA--INFORMACIÓN GENERAL
campo de control de longitud fija 070601s1959 sp ||||1| spa d
080 ## - NÚMERO DE LA CLASIFICACIÓN DECIMAL UNIVERSAL
Número de la Clasificación Decimal Universal 86.0(85)-2"19"(082)
245 00 - MENCIÓN DEL TÍTULO
Título Teatro peruano contemporáneo /
Mención de responsabilidad, etc. prólogo de José Hesse Murga.
260 ## - PUBLICACIÓN, DISTRIBUCIÓN, ETC.
Lugar de publicación, distribución, etc. Madrid :
Nombre del editor, distribuidor, etc. Aguilar,
Fecha de publicación, distribución, etc. [1959]
300 ## - DESCRIPCIÓN FÍSICA
Extensión 404 p. :
Otras características físicas il. ;
Dimensiones 20 cm.
505 8# - NOTA DE CONTENIDO CON FORMATO
Nota de contenido con formato Contiene: Esa luna que empieza / Percy Gibson Parra.-- Ayar Manko / Juan Ríos.-- La muerte de Atahualpa / Bernando Roca Rey.-- No hay isla feliz / Sebastian Salazar Bondy.-- Collacocha / Enrique Solary Swayne
650 17 - PUNTO DE ACCESO ADICIONAL DE MATERIA--TÉRMINO DE MATERIA
Término de materia o nombre geográfico como elemento de entrada Teatro peruano
Fuente del encabezamiento o término
9 (RLIN) 17383
700 1# - ENTRADA AGREGADA--NOMBRE PERSONAL
Nombre de persona Gibson Parra, Percy.
9 (RLIN) 56669
700 1# - ENTRADA AGREGADA--NOMBRE PERSONAL
Nombre de persona Ríos, Juan.
9 (RLIN) 97369
700 1# - ENTRADA AGREGADA--NOMBRE PERSONAL
Nombre de persona Salazar Bondy, Sebastián.
9 (RLIN) 101819
700 1# - ENTRADA AGREGADA--NOMBRE PERSONAL
Nombre de persona Solari Swayne, Enrique.
9 (RLIN) 107103
700 1# - ENTRADA AGREGADA--NOMBRE PERSONAL
Nombre de persona Roca Rey, Bernardo.
9 (RLIN) 98008
700 1# - ENTRADA AGREGADA--NOMBRE PERSONAL
Nombre de persona Hesse Murga, José.
9 (RLIN) 63474
852 ## - LOCALIZACIÓN
Ubicación ES-MaACL
Número de control de estantería C-17492
Sublocalización o colección R.45552
Holdings
Estatus retirado Estado de pérdida Estado de daño No para préstamo Biblioteca de origen Biblioteca actual Ubicación en estantería Fecha de adquisición Fuente de adquisición Total de préstamos Signatura topográfica completa Código de barras Visto por última vez Precio de reemplazo Tipo de ítem Koha
        Biblioteca del Ateneo de Madrid Biblioteca del Ateneo de Madrid Galería 17/01/2008     C-17492 1134319 23/02/2023 23/02/2023 Libro impreso